000 00659nam a2200193Ia 4500
003 GCL
008 140319s9999 xx 000 0 ara d
040 _aGCL /
_cGCL
082 0 4 _a015
_bم ب
100 1 _aمركز دراسات الوحدة العربية
245 1 0 _aبيلوغرافيا الوحدة العربية 1908_ 1980 /
_cمركز دراسات الوحدة العربية
260 _a[S.N] :
_bمركز دراسات الوحدة العربية ،
_c1983
300 _aمتعدد
490 _a
650 0 4 _aالكتب
650 0 4 _aالببليوجرافيا
650 0 4 _aالببليوجرافيات القومية
942 _2ddc
_cBK
999 _c35017
_d35017